| 000 | 00685cam a2200169ua 4500 | ||
|---|---|---|---|
| 041 |
_aeng _h |
||
| 082 |
_a823.308 _bGAR/CA |
||
| 100 | _aGardner, Erle Stanley . | ||
| 110 | 1 |
_a . _b _c() |
|
| 245 |
_aCase of the half weaked wife / _cErle Stanley Gardner. _hTextual Documents |
||
| 250 |
_a1 / _b. |
||
| 260 |
_aNew York : _bPocket books INC , _c1958. |
||
| 300 | _a224 ; . | ||
| 504 | _a | ||
| 942 | _cBK | ||
| 999 |
_c6828 _d6828 |
||